000
00309nam a22001217a 4500
082
_a
620.0044 ELL'L
100
_a
DICKSON, J. H,ELLIOTT, A
_9
80137
245
_a
LABORATORY INSTRUMENTS THEIR DESIGN AND APPLICATION
250
_a
2ND
260
_a
LONDON
_b
CHAPMAN & HALL
_c
1959
300
_a
514P
942
_c
BK
999
_c
585101
_d
585101